[Event "Heusenstamm Sparkassen op U14 5th"]
[Site "Heusenstamm"]
[Date "2018.11.24"]
[Round "2"]
[White "Heuberger, Melanie"]
[Black "Von Knorre, Christoph"]
[Result "0-1"]
[WhiteElo "774"]
[BlackElo "970"]
[PlyCount "134"]
[EventDate "2018.11.23"]
[EventType "swiss"]
[EventRounds "7"]
[EventCountry "GER"]
[SourceTitle "CBM 188 Extra"]
[Source "ChessBase"]
[SourceDate "2019.02.26"]
[SourceVersion "1"]
[SourceVersionDate "2019.02.26"]
[SourceQuality "1"]

1. d4 d5 2. c4 c6 3. Bf4 Bf5 4. Nc3 Nf6 5. e3 e6 6. cxd5 cxd5 7. Bb5+ Nc6 8. Bg5 Be7 9. Nf3 0-0 10. 0-0 a6 11. Bd3 h6 12. Bh4 Bxd3 13. Qxd3 Nb4 14. Qb1 Ne4 15. Nxe4 Bxh4 16. g3 dxe4 17. Nxh4 Nd3 18. Qd1 Rc8 19. Qh5 Qd5 20. Qg4 Nxb2 21. f3 Nc4 22. fxe4 Qd6 23. e5 Qe7 24. d5 Nxe3 25. Qf3 Nxf1 26. Rxf1 Rfd8 27. dxe6 Qxe6 28. Nf5 Qxe5 29. Qg4 Qc5+ 30. Rf2 Rd1+ 31. Kg2 g6 32. Nxh6+ Kf8 33. Qe4 Rc7 34. Rf4 Qg1+ 35. Kh3 Rd2 36. Qe6 Qxh2+ 37. Kg4 Qxh6 38. Re4 Qh5+ 39. Kf4 Qf5+ 40. Qxf5 gxf5 41. Kxf5 Rc5+ 42. Kf6 Rf2+ 43. Rf4 Rxf4+ 44. gxf4 Rc1 45. Kg5 b5 46. Kh6 Ra1 47. Kg5 Rxa2 48. f5 b4 49. f6 Rf2 50. Kg4 Rxf6 51. Kg5 b3 52. Kxf6 b2 53. Ke5 Ke8 54. Kd4 f5 55. Kc3 b1Q 56. Kd4 a5 57. Ke5 Qb2+ 58. Kxf5 Qe2 59. Kf6 Kd7 60. Kf7 Qf2+ 61. Kg7 Ke6 62. Kg6 Qf6+ 63. Kh5 Qg7 64. Kh4 Kf5 65. Kh3 Kf4 66. Kh2 Kf3 67. Kh1 Qg2# 0-1

[Event "Heusenstamm Sparkassen op U14 5th"]
[Site "Heusenstamm"]
[Date "2018.11.23"]
[Round "1"]
[White "Von Knorre, Christoph"]
[Black "Althaus, Lennart"]
[Result "0-1"]
[WhiteElo "970"]
[BlackElo "1488"]
[PlyCount "136"]
[EventDate "2018.11.23"]
[EventType "swiss"]
[EventRounds "7"]
[EventCountry "GER"]
[SourceTitle "CBM 188 Extra"]
[Source "ChessBase"]
[SourceDate "2019.02.26"]
[SourceVersion "1"]
[SourceVersionDate "2019.02.26"]
[SourceQuality "1"]

1. e4 c5 2. Nf3 d6 3. Bc4 e6 4. Nc3 Nf6 5. d3 a6 6. Bg5 Be7 7. Qd2 b5 8. Bb3 Bb7 9. Bxf6 Bxf6 10. 0-0 Nd7 11. Rfe1 Rc8 12. a3 0-0 13. Re2 Nb6 14. Rae1 c4 15. dxc4 Nxc4 16. Bxc4 Rxc4 17. e5 dxe5 18. Qxd8 Rxd8 19. Nxe5 Rcc8 20. h3 h6 21. Kh1 Kf8 22. f4 Rd4 23. Rf1 Rcd8 24. Kh2 Rd2 25. Rxd2 Rxd2 26. Rg1 Bxe5 27. fxe5 Rxc2 28. Kg3 Rxb2 29. Rd1 Rxg2+ 30. Kf4 g5+ 31. Ke3 Rg3+ 32. Kd2 Rxh3 33. Kc2 Ke7 34. a4 Rh2+ 35. Kd3 Bc6 36. axb5 Bxb5+ 37. Nxb5 axb5 38. Rb1 Rh3+ 39. Kd4 Rh4+ 40. Kd3 b4 41. Kc2 Kf8 42. Kd2 Kg7 43. Ke2 Re4+ 44. Kf2 Rxe5 45. Rxb4 Rd5 46. Rb8 Rd7 47. Kg3 f5 48. Rb1 Kg6 49. Rb8 Re7 50. Rg8+ Kh5 51. Rd8 e5 52. Rd1 f4+ 53. Kg2 e4 54. Re1 e3 55. Kf1 f3 56. Kg1 f2+ 57. Kf1 fxe1Q+ 58. Kxe1 Kg4 59. Ke2 Kg3 60. Ke1 e2 61. Kd2 e1Q+ 62. Kc2 Rc7+ 63. Kd3 Rc3+ 64. Kd4 Qe3+ 65. Kd5 Rc5+ 66. Kd6 Qe5+ 67. Kd7 Rc7+ 68. Kd8 Qe7# 0-1